Normal view
MARC view
- Materials and Surface Engineering MS Ph. D-Thesis.
Entry Topical Term
001 - CONTROL NUMBER
- control field: 28327
003 - CONTROL NUMBER IDENTIFIER
- control field: NUST
005 - DATE AND TIME OF LATEST TRANSACTION
- control field: 20200206141940.0
008 - FIXED-LENGTH DATA ELEMENTS
- fixed length control field: 200206|| aca||aabn | a|a d
040 ## - CATALOGING SOURCE
- Original cataloging agency: NUST
- Transcribing agency: NUST
150 ## - HEADING--TOPICAL TERM
- Topical term or geographic name entry element: Materials and Surface Engineering MS Ph. D-Thesis.
670 ## - SOURCE DATA FOUND
- Source citation: Work cat.: (NUST): Qurat Ulain 28326, Effect of Carbon Black on Mechanical Behavior of EPDM Based Nano-Composites and Its Development into Auxetic Materials /, 2012.
